• 首页
  • 本馆介绍
  • 公告通知
  • 最新文献
  • 馆藏检索
  • 电子资源
  • 读者导购
  • 参考咨询
  • 我的图书馆
  • 登录
  • 详细信息显示
  • 放入我的书架
  • 预约/预借图书
  • 作者相关作品
  • 分类相关作品
  • 丛书相关作品
  • 出版社相关作品

书目信息

  • 表格格式
  • 工作单格式
  • 卡片格式
题名:
小波变换与工程应用
    
 
作者: 彭玉华 著
分册:  
出版信息: 北京   科学出版社  1999
页数: 137页
开本: 26cm
丛书名:
单 册:
中图分类: O241.86
科图分类:
主题词: 调和分析--应用
电子资源:
ISBN: 7-03-007471-8
000 00924nam0 2200241 45
001 012000000188
005 20070805103834.70
010    @a7-03-007471-8@dCNY15.00
100    @a19991225e20071999em y0chiy0121 ea
101 0  @achi
102    @aCN@b110000
105    @ay za 000yy
106    @ar
200 1  @a小波变换与工程应用@Axiao bo bian huan yu gong cheng ying yong@f彭玉华著@Fpeng yu hua zhu
210    @a北京@c科学出版社@d1999@h2007重印
215    @a137页@d26cm
320    @a有书目:第134-137页
330    @a本书从工程应用角度出发,主要介绍小波变换的基本理论与典型应用,全书共九章,小波变换的基本概念和原理部分介绍连续小波变换、离散小波变换、二进小波变换等;小波变换的典型应用部分介绍小波变换下信号的奇异性分析与图像压缩、信号联合时频分析与特征提取、非线性滤波等。
606 0  @a调和分析@x应用
690    @aO241.86@v4
701  0 @a彭玉华@Apeng yu hua@4著
801  0 @aCN@bNLC@c20070805
905    @dO241.86@e161@f5
    
    小波变换与工程应用/彭玉华著.-北京:科学出版社,1999(2007重印)
    137页;26cm
    
    
    ISBN 7-03-007471-8:CNY15.00
    本书从工程应用角度出发,主要介绍小波变换的基本理论与典型应用,全书共九章,小波变换的基本概念和原理部分介绍连续小波变换、离散小波变换、二进小波变换等;小波变换的典型应用部分介绍小波变换下信号的奇异性分析与图像压缩、信号联合时频分析与特征提取、非线性滤波等。
●
相关链接 在E读中查询图书 在五车中查询图书 在当当中查询图书 在豆瓣中查询图书


正题名:小波变换与工程应用     索取号:O241.86/161         预约/预借

序号 登录号 条形码 馆藏地/架位号 状态 备注
1 0851851   208518512   第二样本阅览室/ [索取号:O241.86/161] 在馆    
2 0851852   208518521   第三借阅区/ [索取号:O241.86/161] 在馆    
3 0851853   208518530   第三借阅区/ [索取号:O241.86/161] 在馆    
4 0851854   208518549   第三借阅区/ [索取号:O241.86/161] 在馆    
5 0851855   208518558   第三借阅区/ [索取号:O241.86/161] 在馆    
唐山师范学院图书馆 欢迎您!
大连网信软件有限公司© 版权所有